000 00571nam a2200229Ia 4500
003 OSt
005 20221005122721.0
006 a|||||r|||| 00| 0
007 ta
008 221004b |||||||| |||| 00| 0 mal d
024 _a58336
037 _cTextual
040 _aCRL
_cCRL
_bmal
041 _2mal
_amal
082 _aQ22:2231, H4.1
100 _aKannassa panicker
_9632492
245 0 _aKannassa bhagavatam
260 _c1944
650 _aRELIGION
942 _hQ22:2231, H4.1
_cTEXL
_2cc
999 _c1045168
_d1045168